000 00478nam a2200169Ia 4500
008 230718s9999 xx 000 0 und d
020 _a9788126527700
041 _aeng
082 _a658
_bWEY
100 _aWeybrecht G.
_9175226
245 _aSustainable MBA
_bThe Managers To Green Business
260 _c2010
_bTimes Group books
300 _a397
365 _cRs.
_b625.00
700 _aWeybrecht G.
_9175226
906 _dO:0140118-Dec-2010B:641329-Nov-2010
_cGENRL
_b156.25
999 _c326658
_d326658